000 00297pam a2200133 a 4500
020 _c
041 _h
100 _aRajgesh Gopal,
_eAuthor.
245 _aDynamics of Tiger Management in Priority
_hTextual Documents
250 _a1st.
260 _a[s.l]:
_bNa
300 _a316.
930 _a2334
999 _c248185
_d248185